Medaliści Igrzysk Olimpijskich w Piłce Nożnej mężczyzn - Statystyki

Ogólne statystyki
  • Ten quiz został rozwiązany 92 razy
  • Średni wynik to 70 z 82
Statystyki odpowiedzi
Rok Miejsce Kraj % Poprawnych
1928 2 Argentyna
100%
1996 2 Argentyna
100%
2004 1 Argentyna
100%
2008 1 Argentyna
100%
1984 2 Brazylia
100%
1988 2 Brazylia
100%
1996 3 Brazylia
100%
2008 3 Brazylia
100%
2012 2 Brazylia
100%
2016 1 Brazylia
100%
2020 1 Brazylia
100%
1972 1 Polska
99%
1976 2 Polska
99%
1992 2 Polska
99%
1900 1 Wielka Brytania
97%
1908 1 Wielka Brytania
97%
1912 1 Wielka Brytania
97%
1900 2 Francja
96%
1984 1 Francja
96%
1920 2 Hiszpania
95%
1992 1 Hiszpania
95%
2000 2 Hiszpania
95%
2020 2 Hiszpania
95%
2016 2 Niemcy
95%
1964 3 Niemcy (Wspólna Reprezentacja)
93%
1936 2 Austria
91%
1908 3 Holandia
91%
1912 3 Holandia
91%
1920 3 Holandia
91%
1928 3 Włochy
91%
1936 1 Włochy
91%
2004 3 Włochy
91%
1900 3 Belgia
89%
1920 1 Belgia
89%
1904 1 Kanada
88%
2012 1 Meksyk
88%
2020 3 Meksyk
88%
1924 3 Szwecja
88%
1948 1 Szwecja
88%
1952 3 Szwecja
88%
1924 1 Urugwaj
88%
1928 1 Urugwaj
88%
1952 1 Węgry
88%
1960 3 Węgry
88%
1964 1 Węgry
88%
1968 1 Węgry
88%
1972 2 Węgry
88%
1968 3 Japonia
87%
1904 2 Stany Zjednoczone
87%
1904 3 Stany Zjednoczone
87%
1956 1 ZSRR
87%
1972 3 ZSRR
87%
1976 3 ZSRR
87%
1980 3 ZSRR
87%
1988 1 ZSRR
87%
2000 3 Chile
82%
1996 1 Nigeria
80%
2008 2 Nigeria
80%
2016 3 Nigeria
80%
1948 2 Jugosławia
79%
1952 2 Jugosławia
79%
1956 2 Jugosławia
79%
1960 1 Jugosławia
79%
1984 3 Jugosławia
79%
1924 2 Szwajcaria
79%
1964 2 Czechosłowacja
78%
1980 1 Czechosłowacja
78%
2012 3 Korea Południowa
75%
1972 3 NRD
74%
1976 1 NRD
74%
1980 2 NRD
74%
1936 3 Norwegia
70%
1908 2 Dania
68%
1912 2 Dania
68%
1948 3 Dania
68%
1960 2 Dania
68%
2000 1 Kamerun
64%
1988 3 RFN
62%
1956 3 Bułgaria
53%
1968 2 Bułgaria
53%
1992 3 Ghana
50%
2004 2 Paragwaj
50%
Nie znaleziono quizów pasujących do podanych kryteriów
Rozkład punktacji
Procent ludzi z każdym wynikiem
Percentyl według liczby udzielonych odpowiedzi
Twoja historia wyników
Nie rozwiązałeś tego quizu